| 000 | 00773nam a2200121Ia 4500 | ||
|---|---|---|---|
| 008 | 220620s9999||||xx |||||||||||||| ||und|| | ||
| 100 | _aAhlers, Anna L.||Krichewsky, Damien||Moser, Evelyn||Stichweh, Rudolf | ||
| 245 | 0 |
_aDemocratic and Authoritarian Political Systems in 21st Century World Society _bVol. 1 - Differentiation, Inclusion, Responsiveness |
|
| 546 | _aEnglish[eng] | ||
| 650 | _aPolitical Inclusion||Internal Differentiation||Knowledge||Responsiveness||Functional Autonomy||Democracy||Autocracy||Globalization||Society||Politics||Sociological Theory||Sociology||Political Sociology | ||
| 856 | _uhttps://library.oapen.org/bitstream/20.500.12657/47371/1/9783839451267.pdf||https://library.oapen.org/bitstream/20.500.12657/47371/1/9783839451267.pdf | ||
| 942 | _cEB | ||
| 999 |
_c23377 _d23377 |
||